Music Quiz

Random Music or Song Quiz

4-Letter Songs (A-Z) Quiz Stats

Quiz Updated Apr 4, 2013

Challenge
Share
Tweet
Embed
Score 0/23 Timer 05:00
0 Plays Today
Letter Song % Correct
YY.M.C.A.
87.1%
JJump
79.6%
KKiss
77.5%
HHelp!
69.9%
IIris
65.8%
LLola
60.9%
SStan
51.7%
CCars
49.8%
FFame
47.5%
BBeth
40.5%
TTrue
40%
NNumb
38.1%
Letter Song % Correct
EEasy
32.5%
PPush
32.2%
GGone
30.2%
OOhio
27.6%
ZZero
27.3%
AAdia
25.9%
RRoam
23.8%
MMaps
22.1%
DDown
11.2%
VVera
11.1%
WWeak
7.7%

You're not logged in!

Compare scores with friends on all Sporcle quizzes.
Join for Free
OR
Log In

You Might Also Like...

Show Comments

Extras

Top Quizzes Today


Score Distribution

Your Account Isn't Verified!

In order to create a playlist on Sporcle, you need to verify the email address you used during registration. Go to your Sporcle Settings to finish the process.

Report this User

Report this user for behavior that violates our Community Guidelines.

Details: